| 000 | 00580nam a2200181 a 4500 | ||
|---|---|---|---|
| 001 | 000044809 | ||
| 005 | 20201002045638.0 | ||
| 008 | 150113s2014 dr a 000 0 spa d | ||
| 020 | _a9789945080650 | ||
| 040 |
_aDO-SdBNP _bspa _cBNPHU |
||
| 082 |
_axxxx _bxxxx |
||
| 245 | 0 | 0 |
_aCuerpo de ahora : _b[antología poética] / _cedición, introducción y notas de Rei Berroa. |
| 260 |
_aSanto Domingo : _bTeatro de la Luna, _c2014. |
||
| 300 |
_a260 p. : _bil. ; _c22 cm. |
||
| 490 | 1 |
_aLibros de la luna _v9 |
|
| 700 | 1 | 2 |
_aBerroa, Rei, _eed. _9319 |
| 830 | 0 |
_aLibros de la luna. _n9 _972834 |
|
| 999 |
_c44298 _d44298 |
||